000 00535nam a2200169 i 4500
001 104724
003 ES-MaACL
005 20230906183655.0
007 t|
008 051212s1971 sp ||||1| cat d
100 1 _aMirabet y Mullol, Antonio.
_981467
245 1 0 _aPetits grups edesials o comunitats de base
_b: (aspectes psicológics, teológics i liturgics) /
_cAntonio Mirabet y Mullol.
250 _a[1ª ed.].
260 _aBarcelona :
_bPorto,
_c1971.
300 _a213 p. ;
_c18 cm.
852 _aES-MaACL
_jC-49702
_bR.80107
999 _c104724
_d104724